Report on the proceedings of the officers engaged in the magnetic survey of India (Record no. 19605)

MARC details
000 -LEADER
fixed length control field 00396nam a2200121Ia 4500
003 - CONTROL NUMBER IDENTIFIER
control field IN-BaIIA
008 - FIXED-LENGTH DATA ELEMENTS--GENERAL INFORMATION
fixed length control field 211028s9999 xx 000 0 eng d
040 ## - CATALOGING SOURCE
Transcribing agency IIA Library
100 ## - MAIN ENTRY--PERSONAL NAME
Personal name Hermann Schlagintweit
9 (RLIN) 37448
245 #0 - TITLE STATEMENT
Title Report on the proceedings of the officers engaged in the magnetic survey of India
Statement of responsibility, etc. Schlagintweit, Hermann
260 ## - PUBLICATION, DISTRIBUTION, ETC.
Place of publication, distribution, etc. Madras
Name of publisher, distributor, etc. Published by Authority
Date of publication, distribution, etc. 1855
942 ## - ADDED ENTRY ELEMENTS (KOHA)
Koha item type Books
Holdings
Withdrawn status Lost status Damaged status Not for loan Home library Current library Shelving location Date acquired Total Checkouts Barcode Date last seen Price effective from Koha item type
        IIA Library-Bangalore IIA Library-Bangalore General Stacks     271 05/11/2021   Books

Powered by Koha